000 00474nam a2200181Ia 4500
001 24327
005 20260414151036.0
008 260414t2014||||xx |||||||||||||| ||spa||
041 _aESP
082 _a345.3
_bG312
100 _aGaceta Jurídica
_eAUT
245 0 _aLa prueba en el derecho civil y procesal civil en la jurisprudencia casatoria
_b
260 _c2014
300 _a502 páginas :
_c24 cm.
650 _aDER
654 _aCDE
942 _cLIB
_dJUS
_fJUS
_2ddc
_n
999 _c24327
_d24327